Night At The Museum Cameos - Statistics

General Stats
  • This quiz has been taken 12 times
  • The average score is 2 of 15
Answer Stats
Character Answer % Correct
Cherubs Nick Jonas
44%
Himself Hugh Jackman
33%
Joe Jonas
33%
Himself George Foreman
22%
Brundon The Security Guard Jonah Hill
22%
Docent Mindy Kaling
22%
Tuskegee Airman Craig Robinson
11%
Larry's Daley's Assistant Ed Helms
11%
Albert Einstein Eugene Levy
11%
Extra - Child In Museum Frankie Jonas
11%
Kevin Jonas
11%
Infomercial Father Shawn Levy
11%
Air And Space Mission Control Tech Clint Howard
0%
TV News Anchor Pat Kiernan
0%
Amir Patrick Sabongui
0%
No matching quizzes found
Score Distribution
Percent of People with Each Score
Percentile by Number Answered
Your Score History
You have not taken this quiz